|
|
|
|
| LEADER |
01068naa a2200217 i 4500 |
| 001 |
acta84957 |
| 005 |
20240527132420.0 |
| 008 |
240527s2024 hu o 100 hun d |
| 020 |
|
|
|a 978-963-306-984-4
|
| 040 |
|
|
|a SZTE Egyetemi Kiadványok Repozitórium
|b hun
|
| 041 |
|
|
|a hun
|
| 100 |
1 |
|
|a Gróh Dániel
|
| 245 |
1 |
0 |
|a Visegrád a késő bronzkorban
|h [elektronikus dokumentum] :
|b [absztrakt] /
|c Gróh Dániel
|
| 260 |
|
|
|a Szegedi Tudományegyetem Régészeti Tanszék ; Dél-alföldi Régészeti Egylet
|b Szeged
|c 2024
|
| 300 |
|
|
|a 22
|
| 490 |
0 |
|
|a 100 éves a szegedi régészképzés : a Szegedi Tudományegyetem Régészeti Tanszékének ünnepi rendezvénysorozata és konferenciája : rezüméfüzet
|
| 650 |
|
4 |
|a Bölcsészettudományok
|
| 650 |
|
4 |
|a Történettudomány és régészet
|
| 695 |
|
|
|a Régészet - leletek - Magyarország - regionális - előadáskivonat
|
| 711 |
|
|
|a 100 éves a szegedi régészképzés
|c Szeged
|d 2024. május 21-23.
|
| 856 |
4 |
0 |
|u http://acta.bibl.u-szeged.hu/84957/1/100_eves_a_szegedi_regeszkepzes_2024_022_002.pdf
|z Dokumentum-elérés
|